000
00213 a2200097 4500
001
7687
100
_a
Chernye,G.G
245
_a
Advance in applied mechanics
260
_a
_b
Academic Press
_c
090
_c
6149
_d
6149
942
_a
NUST-CAE
_c
M
_c
32655
999
_c
242760
_d
242760